El Jefe de Gobierno de la Ciudad de Buenos Aires (Registro nro. 24248)

Detalles MARC
000 -LEADER
fixed length control field 00321 a2200109 4500
001 - CONTROL NUMBER
control field ART_47116
005 - DATE AND TIME OF LATEST TRANSACTION
control field 20260410161843.0
008 - FIXED-LENGTH DATA ELEMENTS--GENERAL INFORMATION
fixed length control field 260409a
100 1# - MAIN ENTRY--PERSONAL NAME
Personal name Bianchi, Alberto B.
245 10 - TITLE STATEMENT
Title El Jefe de Gobierno de la Ciudad de Buenos Aires
773 0# - HOST ITEM ENTRY
Title RAP
Related parts - Año 40, Nº 473 (feb. 2018)
Record control number REV5941

No hay ítems disponibles.